ANIMAL FARM A FAIRY STORY (Record no. 30256)
[ view plain ]
| 000 -LEADER | |
|---|---|
| fixed length control field | 00285nam a2200121Ia 4500 |
| 008 - FIXED-LENGTH DATA ELEMENTS--GENERAL INFORMATION | |
| fixed length control field | 240624s9999 xx 000 0 und d |
| 041 ## - LANGUAGE CODE | |
| Language code of text/sound track or separate title | eng |
| 082 ## - DEWEY DECIMAL CLASSIFICATION NUMBER | |
| Classification number | 823 ORW |
| 100 ## - MAIN ENTRY--PERSONAL NAME | |
| Personal name | ORWELL GEORGE |
| 245 ## - TITLE STATEMENT | |
| Title | ANIMAL FARM A FAIRY STORY |
| 260 ## - PUBLICATION, DISTRIBUTION, ETC. | |
| Place of publication, distribution, etc. | New Delhi |
| Name of publisher, distributor, etc. | Penguin Books |
| 365 ## - TRADE PRICE | |
| Currency code | RS |
| Withdrawn status | Lost status | Damaged status | Not for loan | Home library | Current library | Shelving location | Date acquired | Cost, normal purchase price | Total Checkouts | Full call number | Barcode | Date due | Date last seen | Date last checked out | Price effective from | Koha item type |
|---|---|---|---|---|---|---|---|---|---|---|---|---|---|---|---|---|
| IMTN | IMTN | Rack 38-B | 02/15/2018 | 66.00 | 2 | 823 ORW | 30256 | 01/18/2026 | 01/08/2026 | 01/08/2026 | 06/24/2024 | Books |